Jornadas de arqueología Fenicio-Púnica
I tiakina i:
| Hōputu: | Pukapuka |
|---|---|
| Reo: | Pāniora |
| I whakaputaina: |
Ibiza
Govern Balear
1991
|
| Rangatū: | Trabajos del Museo Arqueológico de Ibiza, 24
|
| Ngā marau: | |
| Ngā Tūtohu: |
Tāpirihia he Tūtohu
Kāore He Tūtohu, Me noho koe te mea tuatahi ki te tūtohu i tēnei pūkete!
|
MARC
| LEADER | 00000nam a2200000 a 4500 | ||
|---|---|---|---|
| 001 | UCP7844 | ||
| 003 | CL-VaPUC | ||
| 008 | 000106e19910000SP |||||||||||||||||spa|d | ||
| 082 | 0 | 4 | |a 930.146 |b JOR |2 21 |
| 245 | 1 | 0 | |a Jornadas de arqueología Fenicio-Púnica |
| 300 | |a 259 p | ||
| 942 | |c BK | ||
| 945 | |d 20000106 00:00:00 |a rherrera | ||
| 260 | |a Ibiza |b Govern Balear |c 1991 | ||
| 650 | 0 | |a Arqueología |9 265619 | |
| 650 | 0 | |a ceramica |9 262882 | |
| 650 | 7 | |a FENICIOS |2 CL-VaPUC |9 437489 | |
| 650 | 7 | |a PUNICOS |2 CL-VaPUC |9 437490 | |
| 651 | 7 | |a IBIZA |2 CL-VaPUC |9 437491 | |
| 651 | 0 | |a España |9 254926 | |
| 583 | |a last modification |c 20000106 00:00:00 |k Rodrigo Vera | ||
| 490 | 0 | |a Trabajos del Museo Arqueológico de Ibiza, 24 | |
| 999 | |c 284886 |d 284884 | ||
| 952 | |0 0 |1 0 |4 0 |6 930_146000000000000_JOR_1991 |7 0 |8 A |9 329185 |a BIBHIS |b BIBHIS |d 2019-11-20 |i 1379798 |o 930.146 JOR 1991 |p 1379798 |r 2025-01-20 |w 2019-11-20 |y BK |k HIS | ||